|
|
|
|
| LEADER |
01864nam a2200445 i 4500 |
| 001 |
EBC1377178 |
| 003 |
MiAaPQ |
| 005 |
20200903223051.0 |
| 006 |
m o d | |
| 007 |
cr cnu|||||||| |
| 008 |
140205t20142014gw ob 000 0 ger d |
| 020 |
|
|
|z 9783486705072
|
| 020 |
|
|
|a 9783486767315 (e-book)
|
| 035 |
|
|
|a (MiAaPQ)EBC1377178
|
| 035 |
|
|
|a (Au-PeEL)EBL1377178
|
| 035 |
|
|
|a (CaPaEBR)ebr10829590
|
| 035 |
|
|
|a (CaONFJC)MIL551958
|
| 035 |
|
|
|a (OCoLC)865330027
|
| 040 |
|
|
|a MiAaPQ
|b eng
|e rda
|e pn
|c MiAaPQ
|d MiAaPQ
|
| 043 |
|
|
|a e-sz---
|
| 050 |
|
4 |
|a JX4033.S9
|b .R675 2014
|
| 082 |
0 |
|
|a 341.64
|2 23
|
| 100 |
1 |
|
|a Rosin, Philip.
|
| 245 |
1 |
4 |
|a Die Schweiz im KSZE-Proze 1972-1983 :
|b einflu durch Neutralitat /
|c Philip Rosin.
|
| 264 |
|
1 |
|a Munchen, [Germany] :
|b Oldenbourg Verlag,
|c 2014.
|
| 264 |
|
4 |
|c 2014
|
| 300 |
|
|
|a 1 online resource (363 pages).
|
| 336 |
|
|
|a text
|2 rdacontent
|
| 337 |
|
|
|a computer
|2 rdamedia
|
| 338 |
|
|
|a online resource
|2 rdacarrier
|
| 490 |
1 |
|
|a Quellen und Darstellungen zur Zeitgeschichte,
|x 0481-3545 ;
|v Band 99
|
| 504 |
|
|
|a Includes bibliographical references.
|
| 588 |
|
|
|a Description based on print version record.
|
| 590 |
|
|
|a Electronic reproduction. Ann Arbor, MI : ProQuest, 2016. Available via World Wide Web. Access may be limited to ProQuest affiliated libraries.
|
| 650 |
|
0 |
|a Neutrality
|z Switzerland.
|
| 655 |
|
4 |
|a Electronic books.
|
| 776 |
0 |
8 |
|i Print version:
|a Rosin, Philip.
|t Schweiz im KSZE-Proze 1972-1983 : einflu durch Neutralitat.
|d Munchen, [Germany] : Oldenbourg Verlag, c2014
|h x, 352 pages
|k Quellen und Darstellungen zur Zeitgeschichte ; Band 99.
|z 9783486705072
|w 2013482360
|
| 797 |
2 |
|
|a ProQuest (Firm)
|
| 830 |
|
0 |
|a Quellen und Darstellungen zur Zeitgeschichte ;
|v Bd. 99.
|
| 856 |
4 |
0 |
|u https://ebookcentral.proquest.com/lib/matrademy/detail.action?docID=1377178
|z Click to View
|